[Event "4NCL Division Two"]
[Site "Warwick, ENG"]
[Date "2024.01.14"]
[EventDate "2024.01.14"]
[Round "4.55"]
[White "Lentzos, Ioanis"]
[WhiteElo "2212"]
[WhiteTeam "The Sharks 2"]
[Black "Southcott-Moyers, Indy"]
[BlackElo "2240"]
[BlackTeam "The Audible Checks"]
[Result "1/2-1/2"]

1. d4 d5 2. c4 e6 3. Nf3 Nf6 4. Nc3 a6 5. c5 b6 6. cxb6 cxb6 7. Bf4 Bd6 8. Bxd6
Qxd6 9. e3 O-O 10. Bd3 Nbd7 11. O-O Bb7 12. Rc1 Rfc8 13. Qe2 b5 14. a4 b4 15.
Nb1 a5 16. Nbd2 Nb6 17. Bb5 Ne4 18. Rxc8+ Bxc8 19. Nxe4 dxe4 20. Nd2 Bb7 21.
Rc1 Bd5 22. Qg4 f5 23. Qg3 Qxg3 24. hxg3 Rc8 25. Rxc8+ Nxc8 26. Nc4 Bxc4 27.
Bxc4 Kf7 28. f3 1/2-1/2

[Event "4NCL Division Two"]
[Site "Warwick, ENG"]
[Date "2024.01.14"]
[EventDate "2024.01.14"]
[Round "4.56"]
[White "Bullen, Alex"]
[WhiteTitle "CM"]
[WhiteElo "2254"]
[WhiteTeam "The Audible Checks"]
[Black "Milson, Samuel A"]
[BlackElo "2180"]
[BlackTeam "The Sharks 2"]
[Result "1-0"]

1. d4 d5 2. Nf3 Nf6 3. c4 c6 4. Qc2 dxc4 5. Qxc4 Bf5 6. g3 e6 7. Bg2 Be7 8. O-O
O-O 9. e3 Nbd7 10. Qe2 Qc7 11. Nc3 e5 12. e4 Bg4 13. d5 Bb4 14. h3 Bxf3 15.
Qxf3 cxd5 16. exd5 Bxc3 17. Qxc3 Qxc3 18. bxc3 Rfc8 19. Rb1 b6 20. Bb2 Rc5 21.
Rfe1 Re8 22. Rbd1 e4 23. Rd4 Rxd5 24. Rxd5 Nxd5 25. Rxe4 Rxe4 26. Bxe4 N5f6 27.
Bf3 Nc5 28. c4 Nfe4 29. Be2 Na4 30. Be5 Nac3 31. Bd3 Nc5 32. Bxh7+ Kxh7 33.
Bxc3 Ne4 34. Bb4 a5 35. Be7 Nd2 36. c5 bxc5 37. Bxc5 a4 38. Bb4 Ne4 39. Kg2 Kg6
40. f3 Nf6 41. Kf2 Nd5 42. Bd2 f5 43. Ke2 Kf6 44. Kd3 f4 45. Ke4 Ke6 46. Bxf4
g6 47. Bd2 Ne7 48. g4 Nd5 49. h4 Kd6 50. Kd4 1-0

[Event "4NCL Division Two"]
[Site "Warwick, ENG"]
[Date "2024.01.14"]
[EventDate "2024.01.14"]
[Round "4.57"]
[White "McCarthy, Kevin C"]
[WhiteElo "2016"]
[WhiteTeam "The Sharks 2"]
[Black "Hng, Mei-Xian Eunice"]
[BlackTitle "WFM"]
[BlackElo "2014"]
[BlackTeam "The Audible Checks"]
[Result "1/2-1/2"]

1. c4 Nf6 2. e3 c5 3. Nc3 e6 4. Nf3 Be7 5. Be2 O-O 6. O-O b6 7. b3 Bb7 8. d4
cxd4 9. exd4 d5 10. Bb2 dxc4 11. bxc4 Nc6 12. Rc1 Rc8 13. Na4 Na5 14. Bd3 Bxf3
15. Qxf3 Qd7 16. Qd1 Rfd8 17. Re1 Nc6 18. c5 Nb4 19. Be2 Nxa2 20. Ra1 Nb4 21.
cxb6 Nc2 22. Ba6 Nxa1 23. Bxc8 Qxc8 24. bxa7 Qb7 25. Bxa1 1/2-1/2

[Event "4NCL Division Two"]
[Site "Warwick, ENG"]
[Date "2024.01.14"]
[EventDate "2024.01.14"]
[Round "4.58"]
[White "Taylor, William J"]
[WhiteElo "2101"]
[WhiteTeam "The Audible Checks"]
[Black "Jasinska, Iga"]
[BlackElo "1345"]
[BlackTeam "The Sharks 2"]
[Result "1-0"]

1. e4 c5 2. Nf3 Nc6 3. d4 cxd4 4. Nxd4 g6 5. c4 Nf6 6. Nc3 Bg7 7. Be3 d6 8. Be2
O-O 9. O-O Ng4 10. Bxg4 Bxg4 11. Nxc6 Qd7 12. f3 Qxc6 13. fxg4 Qxc4 14. Qe2
Rac8 15. Qxc4 Rxc4 16. Bxa7 Bxc3 17. bxc3 Ra8 18. Bf2 Rxe4 19. Rfe1 Rxe1+ 20.
Rxe1 e5 21. Re2 Ra4 22. h3 Rc4 23. Be1 e4 24. Rb2 Ra4 25. Bf2 f6 26. Bd4 f5 27.
gxf5 gxf5 28. g3 Ra5 29. Rxb7 Rxa2 30. Rg7+ 1-0

[Event "4NCL Division Two"]
[Site "Warwick, ENG"]
[Date "2024.01.14"]
[EventDate "2024.01.14"]
[Round "4.61"]
[White "Bradbury, Neil H"]
[WhiteTitle "IM"]
[WhiteElo "2272"]
[WhiteTeam "The ADs"]
[Black "Lee, Richard W Y"]
[BlackElo "2133"]
[BlackTeam "Cambridge University 2"]
[Result "1-0"]

1. d4 d5 2. c4 e6 3. Nf3 Nf6 4. g3 Be7 5. Bg2 O-O 6. O-O c6 7. Qc2 b6 8. Nbd2
Nbd7 9. e4 Bb7 10. e5 Ne8 11. a3 a5 12. Rb1 a4 13. Rd1 Nc7 14. cxd5 cxd5 15.
Bf1 Ba6 16. Bxa6 Rxa6 17. Nf1 h6 18. Bf4 Qb8 19. Rbc1 Ra7 20. h4 b5 21. Ne3 b4
22. Rb1 Nb5 23. axb4 Bxb4 24. Qd3 Qb6 25. Ng4 Rc8 26. Bxh6 gxh6 27. Nxh6+ Kg7
28. Ng5 Nf8 29. Qf3 Kxh6 30. Qf6+ Ng6 31. h5 Rg8 32. hxg6 Be7 33. Nxf7+ Kh5 34.
Qf4 Kxg6 35. Kg2 Bd8 36. Rh1 Kg7 37. Rh7+ Kg6 38. Rbh1 1-0

[Event "4NCL Division Two"]
[Site "Warwick, ENG"]
[Date "2024.01.14"]
[EventDate "2024.01.14"]
[Round "4.62"]
[White "Atako, Chino C"]
[WhiteElo "2140"]
[WhiteTeam "Cambridge University 2"]
[Black "Roe, Simon J"]
[BlackElo "2259"]
[BlackTeam "The ADs"]
[Result "0-1"]

1. d4 Nf6 2. Nc3 d5 3. Bg5 Nbd7 4. Qd3 h6 5. Bh4 c6 6. Nf3 Qa5 7. Nd2 e6 8. Nb3
Qb6 9. O-O-O a5 10. e4 a4 11. Nd2 a3 12. b3 Bb4 13. e5 Ng8 14. Ne2 Qa5 15. f4
Nf8 16. Be1 h5 17. g3 b6 18. c3 Be7 19. h3 Ng6 20. Kb1 Bd7 21. Rc1 c5 22. c4
Qa6 23. Nc3 cxd4 24. Qxd4 Bc5 25. Qd3 Nh6 26. cxd5 Qb7 27. Bg2 O-O 28. Nde4
exd5 29. Nxc5 bxc5 30. Bxd5 Bc6 31. Bxc6 Qxc6 32. Qe4 Qe6 33. Nb5 Rab8 34. Nxa3
Rxb3+ 35. Ka1 Rxa3 36. Rh2 Rfa8 37. Qb1 Nf5 38. Rxc5 Nd4 39. f5 Nxf5 40. Rb5
Nd4 41. Rb8+ Rxb8 42. Qxb8+ Kh7 43. Qb2 Rd3 0-1

[Event "4NCL Division Two"]
[Site "Warwick, ENG"]
[Date "2024.01.14"]
[EventDate "2024.01.14"]
[Round "4.63"]
[White "Richardson, John R"]
[WhiteTitle "FM"]
[WhiteElo "2264"]
[WhiteTeam "The ADs"]
[Black "Borrowdale, Graham E"]
[BlackElo "1924"]
[BlackTeam "Cambridge University 2"]
[Result "1-0"]

1. d4 Nf6 2. c4 e6 3. Nc3 Bb4 4. e3 c5 5. Nge2 d5 6. a3 Bxc3+ 7. Nxc3 cxd4 8.
exd4 dxc4 9. Bxc4 Nc6 10. Be3 O-O 11. O-O a6 12. Bd3 Qd7 13. Na4 Nd5 14. Qc2 g6
15. Rac1 f5 16. Bh6 Rf7 17. Bc4 Qd6 18. Bxd5 exd5 19. Nb6 Rb8 20. g3 f4 21.
Bxf4 Rxf4 22. Nxc8 Qe6 23. Qd3 Re4 24. Nb6 Nxd4 25. Rc8+ Rxc8 26. Nxc8 Ne2+ 27.
Kg2 Qxc8 28. Qxd5+ Qe6 29. Qxb7 Nd4 30. Rc1 1-0

[Event "4NCL Division Two"]
[Site "Warwick, ENG"]
[Date "2024.01.14"]
[EventDate "2024.01.14"]
[Round "4.64"]
[White "Gooding, Ian"]
[WhiteElo "1923"]
[WhiteTeam "Cambridge University 2"]
[Black "Snape, Ian L"]
[BlackElo "2147"]
[BlackTeam "The ADs"]
[Result "0-1"]

1. e4 d6 2. d4 Nf6 3. Nc3 Nbd7 4. Nf3 e5 5. Bc4 Be7 6. dxe5 Nxe5 7. Nxe5 dxe5
8. Qxd8+ Bxd8 9. Bg5 O-O 10. O-O-O c6 11. Rd3 Ba5 12. f3 Nd7 13. Be7 Re8 14.
Bd6 b5 15. Bb3 Bb6 16. Rhd1 a5 17. a4 b4 18. Bc7 Bxc7 19. Rxd7 Bxd7 20. Rxd7
Rec8 21. Ne2 Bb6 22. Rxf7 Kh8 23. Ng3 Ra7 24. Rxa7 Bxa7 25. Nf5 Bc5 26. Kd2
Rd8+ 27. Ke2 g6 28. Nh6 Kg7 29. Nf7 Re8 30. Ng5 Be7 31. Nf7 Kf6 32. Nh6 Bc5 33.
Bf7 Rd8 34. Bc4 Bd4 35. b3 Bc3 36. Bd3 Kg7 37. Ng4 Bd4 38. h3 h5 39. Nh2 g5 40.
Nf1 g4 41. Nd2 gxh3 42. gxh3 Kf6 43. Nc4 Ra8 44. h4 Ke7 45. f4 exf4 46. Kf3 Be3
47. e5 Ke6 48. Bg6 Rg8 49. Bxh5 Kf5 50. Bf7 Rg3+ 51. Ke2 Ke4 52. e6 f3+ 0-1

[Event "4NCL Division Two"]
[Site "Warwick, ENG"]
[Date "2024.01.14"]
[EventDate "2024.01.14"]
[Round "4.65"]
[White "Baltrunas, Evaldas"]
[WhiteElo "2158"]
[WhiteTeam "The ADs"]
[Black "Webster, Peter A N"]
[BlackElo "1911"]
[BlackTeam "Cambridge University 2"]
[Result "1-0"]

1. Nf3 e6 2. e3 c5 3. c4 Nc6 4. d4 cxd4 5. exd4 d5 6. Nc3 Nge7 7. Bf4 Ng6 8.
Be3 Be7 9. a3 dxc4 10. Bxc4 Bf6 11. O-O O-O 12. Rc1 a6 13. Ne4 h6 14. g3 Bd7
15. h4 Na5 16. Bd3 b5 17. h5 Nh8 18. Bb1 Be7 19. Ne5 Rc8 20. Qd3 f5 21. Nc5
Bxc5 22. dxc5 Be8 23. Qxd8 Rxd8 24. Ba2 Bxh5 25. c6 Nc4 26. Nxc4 bxc4 27. Bxc4
Kf7 28. Bxa6 Ng6 29. c7 Rc8 30. Bxc8 Rxc8 31. f4 Ne7 32. Bd4 g5 33. b4 Nd5 34.
fxg5 hxg5 35. b5 Be2 36. b6 Ba6 37. Rc6 Ke7 38. Bc5+ Kf6 39. Re1 Re8 40. Rd6
Bb7 41. Rd8 Kf7 42. Rxe8 Kxe8 43. Rxe6+ Kf7 44. Rd6 1-0

[Event "4NCL Division Two"]
[Site "Warwick, ENG"]
[Date "2024.01.14"]
[EventDate "2024.01.14"]
[Round "4.66"]
[White "Camp, Imogen A L"]
[WhiteTitle "WCM"]
[WhiteElo "1829"]
[WhiteTeam "Cambridge University 2"]
[Black "Banerjee, Supratit"]
[BlackElo "2130"]
[BlackTeam "The ADs"]
[Result "0-1"]

1. d4 d5 2. c4 e6 3. Nc3 Be7 4. cxd5 exd5 5. Nf3 Nf6 6. Bg5 c6 7. e3 O-O 8. Bd3
Ne4 9. Bf4 Bf5 10. Qc2 Re8 11. Nd2 Bg5 12. Bxe4 dxe4 13. Bg3 Qe7 14. Nc4 Rd8
15. O-O Na6 16. a3 Rac8 17. b4 Nc7 18. Rac1 Nd5 19. Qb2 h5 20. h3 h4 21. Be5 f6
22. Bh2 Qe6 23. Qe2 Nxc3 24. Rxc3 Rd5 25. Rfc1 b6 26. a4 Qe7 27. Qb2 Qd7 28.
Qe2 Bh6 29. a5 Qd8 30. axb6 axb6 31. Nd2 Bd7 32. Nxe4 Qe7 33. Qf3 Re8 34. Nd2
Rxd4 35. exd4 Bxd2 36. Rf1 Bxc3 37. Qxc3 Qe6 38. Bc7 b5 39. Qc5 Qe4 40. Qd6 Be6
41. Qf4 Bd5 42. Qxe4 Rxe4 43. Bb6 g5 44. f3 Re2 45. Rf2 Re3 46. Rd2 Kf7 47. Kf2
Rb3 48. Bc5 Bc4 49. Rc2 Rb1 50. Rd2 Rf1+ 51. Ke3 f5 52. d5 Bxd5 53. Kd4 Re1 54.
Bd6 g4 55. fxg4 fxg4 56. Kc3 Re3+ 57. Kd4 Re4+ 58. Kc3 g3 59. Bc5 Kg6 60. Kb2
Re1 61. Kc3 Kf6 62. Kd4 Rg1 63. Ke3 Rxg2 64. Rd4 Rh2 65. Rxh4 g2 66. Rg4 Rh1
67. Kd2 Rxh3 68. Ke1 Rh1+ 69. Ke2 Rf1 70. Rg3 Ke6 71. Rg5 Ra1 72. Kf2 Ra2+ 73.
Kg1 Kf6 74. Rg3 Rc2 75. Rg4 Rc1+ 76. Kf2 Rf1+ 0-1

[Event "4NCL Division Two"]
[Site "Warwick, ENG"]
[Date "2024.01.14"]
[EventDate "2024.01.14"]
[Round "4.68"]
[White "Phillips, William"]
[WhiteElo "1787"]
[WhiteTeam "Cambridge University 2"]
[Black "Walsh, Marcus"]
[BlackElo "2038"]
[BlackTeam "The ADs"]
[Result "1/2-1/2"]

1. d4 Nf6 2. Nf3 c5 3. d5 e6 4. Nc3 d6 5. e4 e5 6. Bb5+ Nbd7 7. a4 a6 8. Be2
Be7 9. O-O O-O 10. a5 b5 11. axb6 Nxb6 12. Ne1 Ne8 13. Be3 Bg5 14. Qd2 Bxe3 15.
Qxe3 Nf6 16. h3 Qe7 17. Na4 Nxa4 18. Rxa4 Bb7 19. b3 Rfe8 20. Nd3 Qc7 21. Nb2
h6 22. Rfa1 Ra7 23. Bxa6 Rxa6 24. Rxa6 Bxa6 25. Rxa6 Rd8 1/2-1/2

[Event "4NCL Division Two"]
[Site "Telford, ENG"]
[Date "2024.02.10"]
[EventDate "2024.02.10"]
[Round "5.11"]
[White "Chopra, Tanmay"]
[WhiteTitle "FM"]
[WhiteElo "2387"]
[WhiteTeam "Cambridge University 1"]
[Black "Korshunov, Sergey And."]
[BlackElo "2245"]
[BlackTeam "Anglian Avengers"]
[Result "1/2-1/2"]

1. d4 Nf6 2. c4 e6 3. Nc3 d5 4. Nf3 h6 5. a3 Be7 6. Bf4 O-O 7. e3 c6 8. h3 b6
9. cxd5 exd5 10. Ne5 Bb7 11. Bd3 Nbd7 12. O-O Re8 13. Qf3 Bf8 14. Rad1 Nxe5 15.
Bxe5 Nd7 16. Bg3 Nf6 17. Bh4 Be7 18. Bxf6 Bxf6 19. e4 Bxd4 20. exd5 Qf6 21. Be4
Bxc3 22. bxc3 Qxf3 23. Bxf3 cxd5 24. c4 Ba6 25. Bxd5 Rac8 26. Rd4 Re7 27. Rb1
g6 1/2-1/2

[Event "4NCL Division Two"]
[Site "Telford, ENG"]
[Date "2024.02.10"]
[EventDate "2024.02.10"]
[Round "5.12"]
[White "Walker, Martin G"]
[WhiteTitle "FM"]
[WhiteElo "2191"]
[WhiteTeam "Anglian Avengers"]
[Black "Bisby, Daniel L"]
[BlackTitle "FM"]
[BlackElo "2277"]
[BlackTeam "Cambridge University 1"]
[Result "0-1"]

1. e4 d6 2. d4 Nf6 3. Nc3 g6 4. f4 Bg7 5. Nf3 O-O 6. e5 dxe5 7. dxe5 Qxd1+ 8.
Kxd1 Nh5 9. Bd3 Bg4 10. h3 Bxf3+ 11. gxf3 Nc6 12. Ke1 f6 13. e6 f5 14. Be3 Rad8
15. Kf2 Bd4 16. Ne2 Bxe3+ 17. Kxe3 Rf6 18. Kf2 Kf8 19. Bc4 Na5 20. Bb3 Nxb3 21.
axb3 Rxe6 22. Rhd1 Rxd1 23. Rxd1 Rd6 24. Ra1 a6 25. Ke3 Nf6 26. c3 c5 27. c4
Rb6 28. Ra3 Nh5 29. Kd2 Kf7 30. Kc2 Kf6 31. Ra1 Re6 32. Kd2 Rd6+ 33. Kc2 Ng7
34. Nc3 Ne6 35. Nd5+ Kf7 36. Kc3 Nd4 37. b4 Ne2+ 38. Kb3 cxb4 39. Kxb4 e6 40.
Nc7 Nxf4 0-1

[Event "4NCL Division Two"]
[Site "Telford, ENG"]
[Date "2024.02.10"]
[EventDate "2024.02.10"]
[Round "5.13"]
[White "Gallagher, Daniel GH"]
[WhiteElo "2217"]
[WhiteTeam "Cambridge University 1"]
[Black "Lewis, Andrew P"]
[BlackTitle "FM"]
[BlackElo "2258"]
[BlackTeam "Anglian Avengers"]
[Result "0-1"]

1. e4 c5 2. Nf3 Nc6 3. Bb5 d6 4. O-O Bd7 5. c3 a6 6. Ba4 Nf6 7. Re1 b5 8. Bc2
Bg4 9. h3 Bh5 10. g4 Bg6 11. d3 e6 12. Nbd2 d5 13. Qe2 Be7 14. Nh4 Qc7 15. Ndf3
Rd8 16. Ng5 c4 17. Nxg6 hxg6 18. exd5 Rxd5 19. dxc4 Re5 20. Be3 Bc5 21. Bxc5
Rxe2 22. Rxe2 Nxg4 23. f4 Qxf4 24. Nxf7 Rxh3 25. Bxg6 Rg3+ 26. Rg2 Rxg2+ 27.
Kxg2 Ne3+ 28. Bxe3 Qg4+ 29. Kf2 Qxg6 30. Nd6+ Ke7 31. Rd1 Ne5 32. Nc8+ Ke8 33.
Nd6+ Kf8 34. Rf1 Kg8 35. Bd4 Ng4+ 36. Ke2 Qc2+ 37. Ke1 e5 38. Bc5 Qxb2 39. Nf5
Qxc3+ 40. Kd1 Qa1+ 41. Ke2 0-1

[Event "4NCL Division Two"]
[Site "Telford, ENG"]
[Date "2024.02.10"]
[EventDate "2024.02.10"]
[Round "5.14"]
[White "Scott, Gordon W"]
[WhiteElo "2280"]
[WhiteTeam "Anglian Avengers"]
[Black "McClement, Andrew"]
[BlackElo "2221"]
[BlackTeam "Cambridge University 1"]
[Result "1/2-1/2"]

1. d4 Nf6 2. c4 e6 3. Nc3 Bb4 4. e3 d5 5. a3 Bxc3+ 6. bxc3 c5 7. cxd5 exd5 8.
Bd3 O-O 9. Ne2 b6 10. O-O Ba6 11. Bxa6 Nxa6 12. Qd3 Nc7 13. f3 Re8 14. Ng3 Ne6
15. Bb2 Rc8 16. Rad1 Qc7 17. Rf2 cxd4 18. cxd4 Qc4 19. Qb1 Qa4 20. Nf5 Rc7 21.
e4 dxe4 22. d5 Nc5 23. Bxf6 gxf6 24. Rd4 Qb3 25. Rb2 Qxa3 26. Ra2 Qb3 27. Rb2
Qa3 28. Ra2 Qb3 29. Rb2 1/2-1/2

[Event "4NCL Division Two"]
[Site "Telford, ENG"]
[Date "2024.02.10"]
[EventDate "2024.02.10"]
[Round "5.15"]
[White "Hill, Alistair"]
[WhiteElo "2179"]
[WhiteTeam "Cambridge University 1"]
[Black "Talsma, Paul"]
[BlackElo "2160"]
[BlackTeam "Anglian Avengers"]
[Result "1-0"]

1. d4 Nf6 2. c4 c5 3. d5 b5 4. Nf3 g6 5. e3 Bg7 6. cxb5 O-O 7. Nc3 d6 8. a4 a6
9. e4 axb5 10. Bxb5 Ba6 11. Bg5 h6 12. Bf4 Bxb5 13. axb5 Rxa1 14. Qxa1 Qc7 15.
O-O Nbd7 16. Qa2 Nb6 17. Ra1 Rb8 18. h3 Nfd7 19. Qb1 Rb7 20. Ra2 Kh7 21. h4 Nf6
22. Qd1 Qd7 23. Qe2 Qg4 24. Bg3 Nh5 25. Ng5+ 1-0

[Event "4NCL Division Two"]
[Site "Telford, ENG"]
[Date "2024.02.10"]
[EventDate "2024.02.10"]
[Round "5.16"]
[White "Samarakoon, Vivash Ransara"]
[WhiteElo "2142"]
[WhiteTeam "Anglian Avengers"]
[Black "Starley, Robert"]
[BlackElo "2038"]
[BlackTeam "Cambridge University 1"]
[Result "1/2-1/2"]

1. e4 e5 2. Nf3 Nc6 3. Bb5 a6 4. Ba4 Nf6 5. O-O Be7 6. c3 b5 7. Bb3 d6 8. d4
exd4 9. cxd4 Bg4 10. Be3 O-O 11. Nbd2 Na5 12. Bc2 c5 13. h3 Bh5 14. g4 Bg6 15.
Rc1 Rc8 16. Qe2 Re8 17. Rfd1 cxd4 18. Nxd4 Nc4 19. Nxc4 Rxc4 20. f3 d5 21. e5
Bc5 22. Bxg6 hxg6 23. Rxc4 dxc4 24. exf6 Bxd4 25. Kf1 Qc7 26. Rxd4 Qg3 27. Re4
Rxe4 28. fxe4 Qxh3+ 29. Ke1 Qh4+ 30. Qf2 Qh1+ 31. Ke2 Qxe4 32. fxg7 Qxg4+ 33.
Qf3 Qxf3+ 34. Kxf3 Kxg7 35. Ke4 Kf6 36. Kd5 Kf5 37. Kc6 Ke4 38. Bc5 Kd3 39. Kb6
c3 40. bxc3 Kxc3 41. Kxa6 Kc4 42. Be7 f5 43. Bg5 b4 44. Kb6 b3 45. axb3+ Kxb3
46. Kc5 Kc3 47. Kd5 Kd3 48. Ke5 Ke2 49. Kf6 1/2-1/2

[Event "4NCL Division Two"]
[Site "Telford, ENG"]
[Date "2024.02.10"]
[EventDate "2024.02.10"]
[Round "5.17"]
[White "Sivanandan, Bodhana"]
[WhiteTitle "WCM"]
[WhiteElo "2067"]
[WhiteTeam "Cambridge University 1"]
[Black "Stork, Christopher"]
[BlackElo "2066"]
[BlackTeam "Anglian Avengers"]
[Result "1-0"]

1. e4 c5 2. Nc3 a6 3. g3 b5 4. Bg2 Bb7 5. Nge2 e6 6. O-O Nf6 7. d3 d6 8. h3 Nc6
9. Be3 Be7 10. f4 O-O 11. g4 Nd7 12. Ng3 Bf6 13. g5 Bd4 14. Bxd4 Nxd4 15. h4 f5
16. Nce2 Rc8 17. c3 Nc6 18. Kh2 Ne7 19. Rf2 Rc7 20. h5 g6 21. h6 Qe8 22. Qd2
Qf7 23. Re1 d5 24. e5 Nb6 25. Rff1 Nc6 26. Rc1 Rd8 27. b3 Qe7 28. Qb2 a5 29. a3
Rcd7 30. Rfd1 Rb8 31. Qc2 c4 32. dxc4 bxc4 33. b4 axb4 34. axb4 Ba6 35. Nd4
Nxd4 36. Rxd4 Bb5 37. Qf2 Ra7 38. Rd2 Ra6 39. Ne2 Nc8 40. Nd4 Na7 41. Nxe6 Rxe6
42. Bxd5 Kf7 43. Bxe6+ Kxe6 44. Rd6+ Kf7 45. Qc5 Nc8 46. Rf6+ Kg8 47. Rd1 Be8
48. Rd8 1-0

[Event "4NCL Division Two"]
[Site "Telford, ENG"]
[Date "2024.02.10"]
[EventDate "2024.02.10"]
[Round "5.18"]
[White "Korchagina, Polina"]
[WhiteElo "1196"]
[WhiteTeam "Anglian Avengers"]
[Black "Chan, Nevil"]
[BlackElo "1990"]
[BlackTeam "Cambridge University 1"]
[Result "0-1"]

1. e4 b6 2. d4 Bb7 3. Bd3 Nf6 4. Qe2 Nc6 5. c3 e5 6. Nf3 d6 7. O-O Be7 8. d5
Nb8 9. c4 O-O 10. Nc3 Nbd7 11. h3 c6 12. b3 Re8 13. Nh2 Nf8 14. f4 exf4 15.
Bxf4 Ng6 16. Bg3 Ne5 17. Nf3 Nfd7 18. Rad1 Bf6 19. Qc2 c5 20. Nb5 Nxf3+ 21.
Rxf3 Ne5 22. Bxe5 Bxe5 23. Rdf1 f6 24. Kh1 Qe7 25. Nc3 Bc8 26. Ne2 Bd7 27. Nf4
Bxf4 28. Rxf4 Qe5 29. Be2 Re7 30. Bg4 Rae8 31. Bxd7 Rxd7 32. g3 Rde7 33. Re1 f5
34. Qf2 fxe4 35. Rf1 h6 36. Rf8+ Rxf8 37. Qxf8+ Kh7 38. Qf5+ Qxf5 39. Rxf5 Kg6
40. Rf1 e3 41. Kg2 e2 42. Re1 Kf5 43. Kf3 h5 44. Kg2 Re3 45. Kf2 Ke4 46. Rxe2
Rxe2+ 47. Kxe2 Kd4 48. Kd2 a5 49. a4 g5 50. h4 g4 51. Ke2 Kc3 52. Ke3 Kxb3 53.
Kf4 Kxc4 0-1

[Event "4NCL Division Two"]
[Site "Telford, ENG"]
[Date "2024.02.10"]
[EventDate "2024.02.10"]
[Round "5.21"]
[White "Rees, Ioan"]
[WhiteTitle "FM"]
[WhiteElo "2266"]
[WhiteTeam "The Audible Checks"]
[Black "Chopra, Manmay"]
[BlackElo "2235"]
[BlackTeam "Cambridge University 2"]
[Result "1-0"]

1. Nf3 Nf6 2. d4 g6 3. c4 d6 4. e3 Bg7 5. Be2 O-O 6. Nc3 Nc6 7. d5 Nb8 8. O-O
e5 9. b3 Nbd7 10. Bb2 h6 11. Ne1 Nh7 12. e4 f5 13. exf5 gxf5 14. f4 e4 15. b4
Qe7 16. Nc2 c5 17. dxc6 bxc6 18. Qd2 Rd8 19. b5 Bb7 20. bxc6 Bxc6 21. Nd4 Bxd4+
22. Qxd4 Ndf6 23. Nd1 Bd7 24. Ne3 Be6 25. Kh1 Kf7 26. Rad1 Rac8 27. Rd2 Qb7 28.
g4 fxg4 29. f5 Bd7 30. Nd5 e3 31. Qxe3 Re8 32. Qxh6 Rxe2 33. Qg6+ Kf8 34. Bxf6
1-0

[Event "4NCL Division Two"]
[Site "Telford, ENG"]
[Date "2024.02.10"]
[EventDate "2024.02.10"]
[Round "5.22"]
[White "Atako, Chino C"]
[WhiteElo "2129"]
[WhiteTeam "Cambridge University 2"]
[Black "Jones, Steven A"]
[BlackElo "2230"]
[BlackTeam "The Audible Checks"]
[Result "1-0"]

1. d4 Nf6 2. c4 g6 3. Nc3 d5 4. cxd5 Nxd5 5. Nf3 Bg7 6. g3 Nb6 7. Bg2 Nc6 8.
Bf4 O-O 9. O-O Nxd4 10. Nxd4 e5 11. Nc6 Qxd1 12. Rfxd1 exf4 13. Ne7+ Kh8 14.
Nxc8 Raxc8 15. Bxb7 Rb8 16. Ba6 fxg3 17. hxg3 Bxc3 18. bxc3 Rbd8 19. Rd4 c5 20.
Re4 Rfe8 21. Rxe8+ Rxe8 22. Rd1 Kg7 23. e3 Re4 24. Bb5 a6 25. Bxa6 Ra4 26. Bb5
Rxa2 27. Rd6 Na4 28. Rd7 Nxc3 29. Bc4 Ra4 30. Bxf7 Kf6 31. Bg8 h5 32. Rc7 Ne4
33. Rc6+ Ke5 34. f4+ 1-0

[Event "4NCL Division Two"]
[Site "Telford, ENG"]
[Date "2024.02.10"]
[EventDate "2024.02.10"]
[Round "5.23"]
[White "Blackburn, Jonathan L B"]
[WhiteTitle "FM"]
[WhiteElo "2178"]
[WhiteTeam "The Audible Checks"]
[Black "Borrowdale, Graham E"]
[BlackElo "1917"]
[BlackTeam "Cambridge University 2"]
[Result "1-0"]

1. d4 Nf6 2. c4 e6 3. Nf3 b6 4. g3 Bb7 5. Bg2 Be7 6. O-O O-O 7. Nc3 Ne4 8. Qc2
Nxc3 9. bxc3 f5 10. d5 Bf6 11. Nd4 Bxd4 12. cxd4 Qf6 13. e4 d6 14. dxe6 Nc6 15.
Bb2 Nxd4 16. Qd2 c5 17. e5 Qe7 18. Bxb7 Qxb7 19. Bxd4 cxd4 20. exd6 Rf6 21.
Rfe1 f4 22. Qxd4 fxg3 23. fxg3 1-0

[Event "4NCL Division Two"]
[Site "Telford, ENG"]
[Date "2024.02.10"]
[EventDate "2024.02.10"]
[Round "5.24"]
[White "Gooding, Ian"]
[WhiteElo "1910"]
[WhiteTeam "Cambridge University 2"]
[Black "Saunders, Aron"]
[BlackElo "2083"]
[BlackTeam "The Audible Checks"]
[Result "0-1"]

1. e4 c6 2. c4 d5 3. exd5 cxd5 4. cxd5 Nf6 5. Nc3 Nxd5 6. Nf3 Nc6 7. Bb5 e6 8.
O-O Be7 9. d4 O-O 10. Re1 Bd7 11. Nxd5 exd5 12. Qb3 Be6 13. Bf4 Qb6 14. Bxc6
bxc6 15. Rac1 Rfc8 16. Be5 Qxb3 17. axb3 Bb4 18. Re2 Bf5 19. Bf4 f6 20. h3 h5
21. Bd2 Bd6 22. Nh4 Be4 23. f3 Bd3 24. Re3 Bh7 25. g4 hxg4 26. hxg4 Kf7 27. Nf5
Bxf5 28. gxf5 Bf4 29. Re2 Bxd2 30. Rxd2 Rc7 31. Rdc2 Rac8 32. Kf2 g6 33. fxg6+
Kxg6 34. Ke3 Kf5 35. Rc5 Rb7 36. R1c3 Re8+ 37. Kd3 Rbe7 38. Rxc6 Re2 39. R6c5
0-1

[Event "4NCL Division Two"]
[Site "Telford, ENG"]
[Date "2024.02.10"]
[EventDate "2024.02.10"]
[Round "5.25"]
[White "Hng, Mei-Xian Eunice"]
[WhiteTitle "WFM"]
[WhiteElo "2083"]
[WhiteTeam "The Audible Checks"]
[Black "Webster, Peter A N"]
[BlackElo "1905"]
[BlackTeam "Cambridge University 2"]
[Result "1-0"]

1. Nf3 e6 2. c4 Nf6 3. e3 b6 4. g3 Bb7 5. Bg2 Be7 6. O-O O-O 7. Nc3 d5 8. Ne5
Nbd7 9. d4 c6 10. Nxd7 Qxd7 11. Qa4 Rfd8 12. Rd1 c5 13. Qxd7 Rxd7 14. cxd5 exd5
15. dxc5 bxc5 16. b3 a6 17. Na4 Rad8 18. Ba3 d4 19. Bxb7 Rxb7 20. Bxc5 dxe3 21.
Rxd8+ Bxd8 22. Bxe3 Be7 23. Rc1 Rb8 24. Rc6 a5 25. Bc5 Kf8 26. Rc7 Nd5 27.
Bxe7+ Nxe7 28. Ra7 Nc6 29. Ra6 Nb4 30. Rxa5 Nxa2 31. Nc5 Rc8 32. f3 Nb4 33. Rb5
Nc2 34. Kf2 Nd4 35. Ra5 Nc6 36. Ra1 Nb4 37. Ne4 Rc2+ 38. Kg1 f5 39. Ra8+ Kf7
40. Ra7+ Kg6 41. Nd6 Rc3 42. f4 Rxb3 43. Ne8 Re3 44. Rxg7+ Kh6 45. Rg8 Re6 46.
Nc7 Rc6 47. Nb5 Nc2 48. Rg5 Ne3 49. Nd4 Rd6 50. Nxf5+ Nxf5 51. Rxf5 Kg7 52. Kg2
Rd2+ 53. Kh3 Rf2 54. Rh5 Kg6 55. Kg4 Rb2 56. h4 Rb4 57. Rg5+ Kf6 58. h5 Rb8 59.
Ra5 Rb7 60. Ra6+ Kg7 61. h6+ Kf7 62. Kg5 Rb8 63. g4 Kg8 64. f5 Kf7 65. Rc6 Kg8
66. Re6 Kf7 67. Ra6 Kg8 68. Ra7 Rc8 69. Rg7+ Kh8 70. Re7 Rg8+ 71. Kf4 Ra8 72.
g5 Rg8 73. Rd7 Ra8 74. g6 Ra4+ 75. Kg5 hxg6 76. Rd8+ 1-0

[Event "4NCL Division Two"]
[Site "Telford, ENG"]
[Date "2024.02.10"]
[EventDate "2024.02.10"]
[Round "5.26"]
[White "Barwick, Carmel"]
[WhiteElo "1866"]
[WhiteTeam "Cambridge University 2"]
[Black "Taylor, William J"]
[BlackElo "2099"]
[BlackTeam "The Audible Checks"]
[Result "1/2-1/2"]

1. e4 c5 2. Nf3 e6 3. g3 d5 4. exd5 exd5 5. Bg2 Nf6 6. O-O Be7 7. d4 O-O 8.
dxc5 Bxc5 9. Nc3 Nc6 10. Ne2 Qb6 11. Nf4 Bf5 12. Nd3 Bxd3 13. cxd3 Ng4 14. d4
Nxd4 15. Nxd4 Nxf2 16. Rxf2 Bxd4 17. Qd2 Rac8 18. Kf1 Bxf2 19. Qxf2 Qb5+ 20.
Qe2 Qxe2+ 21. Kxe2 Rc2+ 22. Kf1 d4 23. Be4 Rxh2 24. Bg2 Rc8 25. Kg1 Rh5 26. Bf4
Rb5 27. b3 g5 28. Bd6 Rd8 29. Ba3 d3 30. Rd1 Ra5 31. Bc1 Rxa2 32. Bxg5 Rd7 33.
Be4 d2 34. Bf6 Ra6 35. Bc3 Rad6 36. Kf2 Rb6 37. b4 Rbd6 38. g4 a6 39. Bf5 Rd8
40. Ke2 Re8+ 41. Kf2 Red8 42. Ke2 Re8+ 43. Kf2 Red8 44. Ke2 1/2-1/2

[Event "4NCL Division Two"]
[Site "Telford, ENG"]
[Date "2024.02.10"]
[EventDate "2024.02.10"]
[Round "5.27"]
[White "Freeland, Alex"]
[WhiteElo "2087"]
[WhiteTeam "The Audible Checks"]
[Black "Phillips, William"]
[BlackElo "1793"]
[BlackTeam "Cambridge University 2"]
[Result "1-0"]

1. d4 Nf6 2. c4 g6 3. Nc3 Bg7 4. e4 d6 5. Nf3 O-O 6. Be2 e5 7. O-O Nc6 8. d5
Ne7 9. b4 Ne8 10. c5 f5 11. Re1 h6 12. a4 g5 13. Nd2 Ng6 14. Nc4 Nf4 15. Bf1 g4
16. Bxf4 exf4 17. Rc1 h5 18. e5 h4 19. cxd6 cxd6 20. e6 Qg5 21. Nb5 Qe7 22.
Ncxd6 Nxd6 23. Rc7 Qf6 24. Nxd6 Rd8 25. e7 Qxd6 26. e8=Q+ Rxe8 27. Rxe8+ Kh7
28. Ree7 Be6 29. Rxg7+ 1-0